|
|
|
|
| LEADER |
00915nam a2200241 a 4500 |
| 001 |
1291695 |
| 008 |
090614s1977 maua 000 0 eng d |
| 020 |
|
|
|a 0876265484
|
| 040 |
|
|
|a DLC
|c DLC
|d DLC
|
| 050 |
0 |
0 |
|a HD30.23
|b .S25
|
| 082 |
0 |
0 |
|a 658.4/03
|2 18
|
| 100 |
1 |
|
|a Sanford, Edward.
|
| 245 |
1 |
0 |
|a Management decisions :
|b a behavioral approach /
|c Edward Sanford, Harvey Adelman.
|
| 260 |
|
|
|a Cambridge, Mass. :
|b Winthrop Publishers,
|c c1977
|
| 300 |
|
|
|a xvi, 141 p. :
|b ill. ;
|c 21 cm.
|
| 490 |
1 |
|
|a Winthrop management series
|
| 541 |
1 |
|
|e 00002622
|
| 650 |
|
0 |
|a Decision making.
|
| 650 |
|
0 |
|a Management.
|
| 700 |
1 |
|
|a Adelman, Harvey M.
|
| 852 |
4 |
|
|a Ayesha Abed Library
|j General Shelf.
|
| 999 |
|
|
|c 1635
|d 1635
|
| 952 |
|
|
|0 0
|1 0
|2 ddc
|4 0
|6 658_403000000000000_SAN
|7 0
|9 1501
|a BRACUL
|b BRACUL
|c GEN
|d 2009-06-28
|g 0.00
|l 2
|m 5
|o 658.403 SAN
|p 3010002622
|r 2017-10-08
|s 2017-09-28
|w 2009-06-28
|y BK
|x No price found in the accession register.
|